Primera antología de sus versos / (Record no. 198334)

MARC details
000 -LEADER
campo de control de longitud fija 01106nam a2200337 i 4500
001 - NÚMERO DE CONTROL
campo de control 198334
003 - IDENTIFICADOR DE NÚMERO DE CONTROL
campo de control ES-MaACL
005 - FECHA Y HORA DE LA ÚLTIMA TRANSACCIÓN
campo de control 20260520172944.0
007 - CAMPO FIJO DE DESCRIPCIÓN FÍSICA--INFORMACIÓN GENERAL
campo de control de longitud fija ta
008 - DATOS DE LONGITUD FIJA--INFORMACIÓN GENERAL
campo de control de longitud fija 260520s1941 sp a|||| |||| 001 1 spa d
040 ## - FUENTE DE CATALOGACIÓN
Centro catalogador/agencia de origen ES-MaACL
Lengua de catalogación spa
Centro/agencia transcriptor ES-MaACL
Normas de descripción rda
080 ## - NÚMERO DE LA CLASIFICACIÓN DECIMAL UNIVERSAL
Número de la Clasificación Decimal Universal 821.134.2-1"19"(082.2)
100 1# - ENTRADA PRINCIPAL--NOMBRE DE PERSONA
Relación aut
Nombre de persona Diego, Gerardo
Término indicativo de función/relación Autor
9 (RLIN) 243092
245 10 - MENCIÓN DEL TÍTULO
Título Primera antología de sus versos /
Mención de responsabilidad, etc. Gerardo Diego
250 ## - MENCION DE EDICION
Mención de edición Primera edición popular especialmente autorizada por el autor para la Colección Austral
264 #1 - PRODUCCIÓN, PUBLICACIÓN, DISTRIBUCIÓN, FABRICACIÓN Y COPYRIGHT
Producción, publicación, distribución, fabricación y copyright Madrid :
Nombre del de productor, editor, distribuidor, fabricante Espasa-Calpe,
Fecha de producción, publicación, distribución, fabricación o copyright 1941
300 ## - DESCRIPCIÓN FÍSICA
Extensión 281 páginas ;
Dimensiones 18 cm
336 ## - TIPO DE CONTENIDO
Fuente rdacontent
Término de tipo de contenido Texto
337 ## - TIPO DE MEDIO
Fuente rdamedia
Nombre/término del tipo de medio sin mediación
338 ## - TIPO DE SOPORTE
Fuente rdacarrier
Nombre/término del tipo de soporte volumen
490 0# - MENCIÓN DE SERIE
Mención de serie Colección Austral ;
Designación de volumen o secuencia 219
500 ## - NOTA GENERAL
Nota general Registro provisional
500 ## - NOTA GENERAL
Nota general Firma en portada de J. Porto
500 ## - NOTA GENERAL
Nota general Índice
655 #4 - TERMINO DE INDIZACIÓN--GENERO/FORMA
Datos o término principal de género/forma Antologías
9 (RLIN) 176540
655 #4 - TERMINO DE INDIZACIÓN--GENERO/FORMA
Datos o término principal de género/forma Poesías
9 (RLIN) 176539
852 ## - LOCALIZACIÓN
Ubicación ES-MaACL
Ubicación en estantería Despachos-biblioteca
Número de control de estantería DB-183
Donativo/Legado Donación: J. Porto
Encuadernación Encuadernación rústica
942 ## - ELEMENTOS DE ENTRADA SECUNDARIOS (KOHA)
Tipo de ítem Koha Libro impreso
Suprimir en OPAC No
Holdings
Estatus retirado Estado de pérdida Fuente del sistema de clasificación o colocación Estado de daño No para préstamo Biblioteca de origen Biblioteca actual Ubicación en estantería Fecha de adquisición Fuente de adquisición Total de préstamos Signatura topográfica completa Código de barras Visto por última vez Precio de reemplazo Tipo de ítem Koha
    Clasificación decimal universal     Biblioteca del Ateneo de Madrid Biblioteca del Ateneo de Madrid Despachos-biblioteca 20/05/2026 Donación   DB-183 2026-0306 20/05/2026 20/05/2026 Libro impreso